Statystyki dla Najbardziej różnorodne państwa

Kliknij tutaj aby rozwiązać quiz!

Ogólne statystyki

  • Ten quiz został rozwiązany 10 952 razy
  • Średni wynik to 11 z 17

Statystyki odpowiedzi

Kraj% Poprawnych
Stany Zjednoczone
93%
Chiny
91%
Brazylia
90%
Australia
85%
Indie
82%
Meksyk
76%
Republika Południowej Afryki
73%
Indonezja
69%
Demokratyczna Republika Konga
63%
Kolumbia
61%
Peru
61%
Wenezuela
53%
Ekwador
46%
Malezja
46%
Filipiny
42%
Madagaskar
41%
Papua-Nowa Gwinea
33%

Rozkład punktacji

Percentyl według liczby udzielonych odpowiedzi

Procent ludzi z każdym wynikiem

Twoja historia wyników

Nie rozwiązałeś tego quizu